Countries by their formal / official name - Statistics

General Stats
  • This quiz has been taken 19 times
    9 since last reset
  • The average score is 20 of 26
Answer Stats
Formal name Country Continent % Correct
Commonwealth of _________ Australia Oceania
100%
Federative Republic of ______ Brazil South America
100%
Democratic People's Republic of Korea North Korea Asia
100%
Bolivarian Republic of _________ Venezuela South America
100%
Plurinational State of _______ Bolivia South America
88%
People's Republic of _____ China Asia
88%
Islamic Republic of ____ Iran Asia
88%
Swiss Confederation Switzerland Europe
88%
Syrian Arab Republic Syria Asia
88%
Republic of China Taiwan Asia
88%
Togolese Republic Togo Africa
88%
______ _______ of Great Britain and Northern Ireland United Kingdom Europe
88%
______ ______ of America United States North America
88%
Oriental Republic of _______ Uruguay South America
88%
Principality of _______ Andorra Europe
75%
Federal Democratic Republic of _____ Nepal Asia
75%
Sultanate of ____ Oman Asia
75%
Russian Federation Russia Asia / Europe
75%
Socialist Republic of _______ Vietnam Asia
75%
Nation of ______, the Abode of Peace Brunei Asia
63%
Union of the _______ Comoros Africa
63%
Republic of the Union of _______ Myanmar Asia
63%
Islamic Republic of ________ Pakistan Asia
63%
Federal Democratic Republic of ________ Ethiopia Africa
50%
Democratic Socialist Republic of ___ _____ Sri Lanka Asia
50%
Commonwealth of ________ Dominica North America
38%
No matching quizzes found
Score Distribution
Percent of People with Each Score
Percentile by Number Answered
Your Score History
You have not taken this quiz since the last reset